Superando a Carreño : (Record no. 23497)

000 -CABECERA
fixed length control field 01634nam a22003377a 4500
003 - IDENTIFICADOR DEL NÚMERO DE CONTROL
control field AR-CdUCM
008 - DATOS DE LONGITUD FIJA--INFORMACIÓN GENERAL
fixed length control field 260126b2023 pe ||||| |||| 00| 0 spa d
040 ## - FUENTE DE LA CATALOGACIÓN
Agencia/entidad que catalogó originalmente la obra MUNICIPALIDAD PROVINCIAL DEL CUSCO
Entidad que transcribió la catalogación BIBLIOTECA MUNICIPAL DEL CUSCO
082 ## - NÚMERO DE LA CLASIFICACIÓN DECIMAL DEWEY
No. de Clasificación 371.4 /
Notacion interna R47
100 ## - ENTRADA PRINCIPAL--NOMBRE DE PERSONA
Nombre Personal Reyes Bejar, Luis Enrique
245 ## - MENCIÓN DE TÍTULO
Título Superando a Carreño :
Resto del título Manual de elegancia y estilo con pensamientos, consejos y lecciones de superación /
260 ## - PUBLICACIÓN, DISTRIBUCIÓN, ETC.
Lugar de publicación, distribución, etc. Cusco :
Nombre de la editorial, distribuidor, etc. Luis Enrique Reyes Bejar,
Fecha de publicación, distribución, etc. 2024.
300 ## - DESCRIPCIÓN FÍSICA
Nº de Páginas Extensión 155 páginas. :
Dimensiones 14 x 20 cm.
505 ## - NOTA DE CONTENIDO CON FORMATO
Nota de contenido formateada Contenido: Capítulo I: La etiqueta social -- Capítulo II: La educación -- Capítulo III: Las emociones -- Capítulo IV: Las compañías -- Capítulo V: Nuestro hogar -- Capítulo VI: La imagen personal -- Capítulo VII: El comportamiento -- Capítulo VIII: La etiqueta en la mesa -- Capítulo IX: Las fiestas -- Capítulo X: El trato social -- Capítulo XI: La personalidad -- Capítulo XII: La voluntad -- Capítulo XIII: El Perú -- Capítulo XIV: Estar capacitado -- Capítulo XV: Valorando el sentir....
650 ## - PUNTO DE ACCESO ADICIONAL DE MATERIA--TÉRMINO DE MATERIA
Descriptor El bullying
9 (RLIN) 52220
650 ## - PUNTO DE ACCESO ADICIONAL DE MATERIA--TÉRMINO DE MATERIA
Descriptor Los actos cívicos
9 (RLIN) 52221
650 ## - PUNTO DE ACCESO ADICIONAL DE MATERIA--TÉRMINO DE MATERIA
Descriptor Ejercitar la mente
9 (RLIN) 52222
650 ## - PUNTO DE ACCESO ADICIONAL DE MATERIA--TÉRMINO DE MATERIA
Descriptor Los periodistas
9 (RLIN) 52223
650 ## - PUNTO DE ACCESO ADICIONAL DE MATERIA--TÉRMINO DE MATERIA
Descriptor Hablar en público
9 (RLIN) 52224
650 ## - PUNTO DE ACCESO ADICIONAL DE MATERIA--TÉRMINO DE MATERIA
Descriptor El sufrimiento
9 (RLIN) 52225
650 ## - PUNTO DE ACCESO ADICIONAL DE MATERIA--TÉRMINO DE MATERIA
Descriptor Culto a la amistad
9 (RLIN) 52226
650 ## - PUNTO DE ACCESO ADICIONAL DE MATERIA--TÉRMINO DE MATERIA
Descriptor El romanticismo
9 (RLIN) 32712
650 ## - PUNTO DE ACCESO ADICIONAL DE MATERIA--TÉRMINO DE MATERIA
Descriptor Normas de cortesía
9 (RLIN) 52227
650 ## - PUNTO DE ACCESO ADICIONAL DE MATERIA--TÉRMINO DE MATERIA
Descriptor El autocuidado
9 (RLIN) 52228
650 ## - PUNTO DE ACCESO ADICIONAL DE MATERIA--TÉRMINO DE MATERIA
Descriptor La urbanidad
9 (RLIN) 52229
650 ## - PUNTO DE ACCESO ADICIONAL DE MATERIA--TÉRMINO DE MATERIA
Descriptor El respeto
9 (RLIN) 52230
650 ## - PUNTO DE ACCESO ADICIONAL DE MATERIA--TÉRMINO DE MATERIA
Descriptor La franqueza
9 (RLIN) 52231
942 ## - ELEMENTOS DE PUNTO DE ACCESO ADICIONAL (KOHA)
Fuente de clasificación
Tipo de item Libros-BMC
945 ## - PROCESAMIENTO DE INFORMACIÓN LOCAL (OCLC)
Catalogador jmcs
AAAA-MM-DD - Fecha de ingreso o modificacion 26/01/2026
Holdings
Estado de retiro (separado) Fuente de clasificación o esquema de estanterías Estado dañado Ubicación Sala donde se ubica Nombre de la colección Fecha de adquisición o compra Fuente de adquisición Costo, precio normal en soles Signatura topográfica Código de Barras Última vez visto (Koha) Tipo de ítem (Koha)
No     Sala Humanidades Sala Humanidades Book Cart 2026-01-26 Donación 12.00 371.4 / R47 SH0000017053 2026-01-26 Libros-BMC

Powered by Koha